Active file identification & deleted data recovery tool evaluation (Record no. 332369)
[ view plain ]
| 000 -LEADER | |
|---|---|
| fixed length control field | 00513nam a2200145 4500 |
| 082 ## - DEWEY DECIMAL CLASSIFICATION NUMBER | |
| Classification number | MSIS-07 ROH |
| 100 ## - MAIN ENTRY--PERSONAL NAME | |
| Personal name | Roha Zulqarnain |
| 245 ## - TITLE STATEMENT | |
| Title | Active file identification & deleted data recovery tool evaluation |
| 260 ## - PUBLICATION, DISTRIBUTION, ETC. | |
| Place of publication, distribution, etc. | Islamabad |
| Name of publisher, distributor, etc. | NUST-SEECS |
| Date of publication, distribution, etc. | 2017 |
| 300 ## - PHYSICAL DESCRIPTION | |
| Extent | 55p |
| Accompanying material | CD Includes |
| 856 ## - Uniform Resource Identifier | |
| Uniform Resource Identifier | <a href="http://10.250.8.41:8080/xmlui/handle/123456789/20661">http://10.250.8.41:8080/xmlui/handle/123456789/20661</a> |
| 942 ## - ADDED ENTRY ELEMENTS (KOHA) | |
| Source of classification or shelving scheme | |
| Koha item type | Thesis |
| Withdrawn status | Lost status | Source of classification or shelving scheme | Damaged status | Not for loan | Collection code | Permanent Location | Current Location | Shelving location | Date acquired | Source of acquisition | Total Checkouts | Full call number | Barcode | Date last seen | Price effective from | Koha item type | Non-public note |
|---|---|---|---|---|---|---|---|---|---|---|---|---|---|---|---|---|---|
| Central Library (CL) | Central Library (CL) | General Stacks | 12/03/2017 | NUST-SEECS | MSIS-07 ROH | SEECSP02186 | 12/03/2017 | 12/03/2017 | Project Report | ||||||||
| Central Library (CL) | Central Library (CL) | Thesis | 10/14/2019 | 005 MSIS-07 ROH | CL-T-3466 | 10/14/2019 | 10/14/2019 | Thesis | Minute Sheet No. 0929/02/CL/Survey/5 dated 23rd April 2024 E-MIN ID 114741 | ||||||||
| Central Library (CL) | Central Library (CL) | Thesis | 10/17/2019 | 004 | CL-T-3472 | 10/17/2019 | 10/17/2019 | Thesis | Minute Sheet No. 0929/02/CL/Survey/5 dated 23rd April 2024 E-MIN ID 114741 |
